Statistics for European Capitals Closest to Washington DC - One Minute Sprint

Click here to take the quiz!

General Stats

  • This quiz has been taken 110 times
  • The average score is 15 of 20

Answer Stats

kmcapitalmi% Correct
5904London3668
97%
6094Madrid3786
97%
5448Dublin3385
96%
5741Lisbon3567
96%
6171Paris3835
93%
6196Amsterdam3850
89%
6717Berlin4174
88%
6222Brussels3866
88%
4524Reykjavik2811
88%
6239Oslo3877
85%
6643Stockholm4128
79%
6393Andorra la Vella3973
73%
6392Luxembourg3972
73%
6604Bern4104
71%
6518Copenhagen4050
64%
6763Monaco4202
62%
6938Helsinki4311
57%
6736Vaduz4186
53%
6906Prague4291
40%
6972Tallinn4332
25%

Score Distribution

Percentile by Number Answered

Percent of People with Each Score

Your Score History

You have not taken this quiz